[Event "25th European Teams Women"]
[Site "Batumi GEO"]
[Date "2025.10.05"]
[Round "1.16"]
[Board "2"]
[White "Caglar, Sila"]
[Black "Ostensson, Julia"]
[Result "1-0"]
[WhiteTitle "WIM"]
[WhiteElo "2304"]
[BlackElo "1994"]
[WhiteTeam "Turkiye"]
[BlackTeam "Sweden"]
[WhiteFideId "6364063"]
[BlackFideId "1747703"]
[EventDate "2025.10.05"]

1. e4 c5 2. Nf3 e6 3. d4 cxd4 4. Nxd4 a6 5. c4 Nf6 6. Nc3 Qc7 7. a3 b6 8. Be3
Bb7 9. f3 Nc6 10. Be2 Be7 11. Rc1 Ne5 12. O-O Ng6 13. Kh1 h5 14. b4 Rc8 15. Nb3
Bd6 16. c5 bxc5 17. Nxc5 Bf4 18. Qd2 Bxe3 19. Qxe3 Qb6 20. Qd2 Rc6 21. N3a4 Qa7
22. Nxb7 Qxb7 23. Nc5 O-O 24. Nxb7 1-0

[Event "25th European Teams Women"]
[Site "Batumi GEO"]
[Date "2025.10.05"]
[Round "1.16"]
[Board "3"]
[White "Wickstrom, Carina"]
[Black "Aydin, Gulenay"]
[Result "0-1"]
[BlackTitle "WIM"]
[WhiteElo "1915"]
[BlackElo "2237"]
[WhiteTeam "Sweden"]
[BlackTeam "Turkiye"]
[WhiteFideId "1743201"]
[BlackFideId "34557431"]
[EventDate "2025.10.05"]

1. e4 c5 2. Nf3 Nc6 3. d4 cxd4 4. Nxd4 g6 5. Nc3 Bg7 6. Nde2 Nf6 7. g3 O-O 8.
Bg2 d6 9. O-O Bd7 10. h3 Rc8 11. Be3 Ne5 12. b3 Qa5 13. Nd5 Rfe8 14. Bd4 Bc6 15.
Nxf6+ Bxf6 16. a4 Nd7 17. c3 a6 18. Re1 b5 19. axb5 Qxb5 20. Bxf6 exf6 21. Nd4
Qb6 22. Nxc6 Rxc6 23. e5 Rxc3 24. exd6 Ne5 25. Re2 Rxg3 26. Kh1 Rd3 27. Qc2 Qd4
28. f4 Qxa1+ 29. Kh2 Nf3+ 30. Bxf3 Rxe2+ 31. Bxe2 Rxd6 32. Bc4 Qd4 33. Qc1 Qf2+
34. Kh1 Rd2 35. Bxf7+ Kg7 0-1

[Event "25th European Teams Women"]
[Site "Batumi GEO"]
[Date "2025.10.05"]
[Round "1.16"]
[Board "4"]
[White "Tirpan, Ceren"]
[Black "Andersson, Elsa"]
[Result "1-0"]
[WhiteTitle "WFM"]
[WhiteElo "2195"]
[BlackElo "1880"]
[WhiteTeam "Turkiye"]
[BlackTeam "Sweden"]
[WhiteFideId "26385309"]
[BlackFideId "1757300"]
[EventDate "2025.10.05"]

1. c4 c5 2. Nc3 Nc6 3. g3 g6 4. Bg2 Bg7 5. Nf3 d6 6. a3 a5 7. d3 e5 8. Nd2 Nge7
9. Nf1 O-O 10. Ne3 Rb8 11. O-O Be6 12. Ned5 b6 13. Rb1 Qd7 14. Bg5 f6 15. Bd2
Bh3 16. b4 Bxg2 17. Kxg2 Kh8 18. bxa5 bxa5 19. Qa4 Qd8 20. Rxb8 Qxb8 21. Rb1 Qa8
22. Rb6 Rd8 23. f3 Nxd5 24. Nxd5 Rc8 25. e3 f5 26. Qb5 a4 27. Ra6 Qb8 28. Rxc6
Rd8 29. Ba5 Qxb5 30. cxb5 Rb8 31. b6 Bf8 32. Rc7 1-0

[Event "25th European Teams Women"]
[Site "Batumi GEO"]
[Date "2025.10.05"]
[Round "1.17"]
[Board "1"]
[White "Bulmaga, Irina"]
[Black "Paasikangas, Johanna"]
[Result "1-0"]
[WhiteTitle "IM"]
[BlackTitle "FM"]
[WhiteElo "2396"]
[BlackElo "2106"]
[WhiteTeam "Romania"]
[BlackTeam "Finland"]
[WhiteFideId "13903063"]
[BlackFideId "500879"]
[EventDate "2025.10.05"]

1. e4 c5 2. Nf3 d6 3. d4 cxd4 4. Nxd4 Nf6 5. Nc3 Nc6 6. Bg5 e6 7. Qd2 a6 8.
O-O-O Bd7 9. Kb1 b5 10. Nxc6 Bxc6 11. f3 h6 12. Be3 b4 13. Ne2 d5 14. Nd4 Bb7
15. e5 Nd7 16. f4 Qc7 17. f5 Nxe5 18. fxe6 f6 19. Bd3 Bd6 20. Rhe1 Nxd3 21. cxd3
g6 22. Rc1 Qh7 23. Bf4 Qe7 24. Bxd6 Qxd6 25. e7 Rc8 26. Re6 Rxc1+ 27. Qxc1 Qxh2
28. Rb6 1-0

[Event "25th European Teams Women"]
[Site "Batumi GEO"]
[Date "2025.10.05"]
[Round "1.17"]
[Board "2"]
[White "Tuominen, Tanja"]
[Black "Cosma, Elena-Luminita"]
[Result "0-1"]
[WhiteTitle "WIM"]
[BlackTitle "WGM"]
[WhiteElo "2025"]
[BlackElo "2237"]
[WhiteTeam "Finland"]
[BlackTeam "Romania"]
[WhiteFideId "502340"]
[BlackFideId "1201590"]
[EventDate "2025.10.05"]

1. e4 e6 2. d4 d5 3. e5 c5 4. c3 Nc6 5. Nf3 Bd7 6. Be2 Nge7 7. Na3 cxd4 8. cxd4
Nf5 9. Nc2 Rc8 10. O-O Qb6 11. Kh1 Na5 12. Re1 Bb5 13. Bxb5+ Qxb5 14. Ne3 Nxe3
15. Rxe3 Be7 16. Ng1 h5 17. Rh3 Nc6 18. b3 Qa5 19. Bd2 Bb4 20. Bxb4 Qxb4 21. Rc1
Kd7 22. Rf3 Rhf8 23. Ne2 g6 24. g3 Ne7 25. Rxc8 Kxc8 26. Qc1+ Kb8 27. a3 Qb6 28.
Qh6 Qd8 29. Qd2 Nf5 30. b4 Qd7 31. Rc3 Rc8 32. Kg2 Rxc3 33. Qxc3 Qb5 34. Nf4 g5
35. Nxh5 Qc4 36. Qd2 Qxd4 37. Qxg5 a6 38. Qf4 Qd1 39. Nf6 Ka7 40. Ng4 d4 41. Nh6
Nxh6 42. Qxh6 Qe2 43. Qf4 d3 0-1

[Event "25th European Teams Women"]
[Site "Batumi GEO"]
[Date "2025.10.05"]
[Round "1.17"]
[Board "3"]
[White "Lehaci, Miruna-Daria"]
[Black "Puuska, Heini"]
[Result "1-0"]
[WhiteTitle "WIM"]
[BlackTitle "WFM"]
[WhiteElo "2212"]
[BlackElo "1907"]
[WhiteTeam "Romania"]
[BlackTeam "Finland"]
[WhiteFideId "1234765"]
[BlackFideId "502324"]
[EventDate "2025.10.05"]

1. e4 c5 2. c3 d5 3. exd5 Qxd5 4. d4 Nf6 5. Nf3 g6 6. Nbd2 cxd4 7. Bc4 Qd8 8.
Qa4+ Nbd7 9. Ne5 e6 10. Ndf3 h6 11. Nxd4 Bd6 12. Nxg6 Rg8 13. Nf4 Bxf4 14. Bxf4
Ne4 15. Nb5 Qf6 16. Be3 Rb8 17. O-O-O a6 18. Nc7+ Kf8 19. Be2 Nxf2 20. Rhf1 Qd8
21. Bxh6+ Rg7 22. Bxg7+ Kxg7 23. Qf4 Nxd1 24. Qxf7+ Kh8 25. Qh5+ 1-0

[Event "25th European Teams Women"]
[Site "Batumi GEO"]
[Date "2025.10.05"]
[Round "1.17"]
[Board "4"]
[White "Lehtinen, Helja"]
[Black "Sgircea, Silvia-Raluca"]
[Result "0-1"]
[BlackTitle "WIM"]
[WhiteElo "1953"]
[BlackElo "2219"]
[WhiteTeam "Finland"]
[BlackTeam "Romania"]
[WhiteFideId "515566"]
[BlackFideId "1213776"]
[EventDate "2025.10.05"]

1. d4 d5 2. c4 e6 3. Nc3 Nf6 4. cxd5 exd5 5. Bg5 c6 6. e3 h6 7. Bh4 Be7 8. Bd3
O-O 9. Nge2 Nbd7 10. O-O a5 11. f3 b5 12. Bf2 Re8 13. Ng3 b4 14. Na4 c5 15. dxc5
Nxc5 16. Nxc5 Bxc5 17. e4 Bxf2+ 18. Rxf2 Bb7 19. exd5 Bxd5 20. Kh1 Qb6 21. Rd2
Rad8 22. Bc2 Be6 23. Bb3 Rxd2 24. Qxd2 Bxb3 25. axb3 Qe6 26. h3 Qe5 27. Qf2 h5
28. Nf1 Qe2 29. Kg1 Qd3 30. Qd2 Qxb3 31. Rxa5 Qc4 32. Ne3 Qf4 33. Nf1 Qxd2 34.
Nxd2 Re2 35. Nc4 Rc2 36. b3 Rc3 37. Ra8+ Kh7 38. Na5 Rc1+ 39. Kf2 Rc2+ 40. Kg1
Nd5 41. Rb8 Ne3 42. Rxb4 Rxg2+ 43. Kh1 Rf2 44. Rf4 f6 45. Nc4 Nd5 46. Rf5 Ne7
47. Rxh5+ Kg6 48. Rb5 Nf5 49. Kg1 Rxf3 50. Kh2 Rf2+ 51. Kg1 Rf3 52. Kh2 Rc3 53.
Rb6 Rc2+ 54. Kg1 Nd4 55. Na5 Kf5 56. Rb4 Nf3+ 57. Kf1 g5 58. Nc4 Kg6 59. Rb6 Rc3
60. Na5 Nd4 61. b4 Rxh3 62. Nc6 Nxc6 63. Rxc6 Rb3 64. Rb6 Rb2 65. Rb5 g4 66. Rb8
Kg5 67. b5 Kf4 68. b6 Kf3 69. Ke1 g3 0-1

[Event "25th European Teams Women"]
[Site "Batumi GEO"]
[Date "2025.10.05"]
[Round "1.18"]
[Board "1"]
[White "Arakhamia-Grant, Ketevan"]
[Black "Efroimski, Marsel"]
[Result "1/2-1/2"]
[WhiteTitle "GM"]
[BlackTitle "IM"]
[WhiteElo "2269"]
[BlackElo "2380"]
[WhiteTeam "Scotland"]
[BlackTeam "Israel"]
[WhiteFideId "13600168"]
[BlackFideId "2810964"]
[EventDate "2025.10.05"]

1. e4 c5 2. Nf3 Nc6 3. d4 cxd4 4. Nxd4 Nf6 5. Nc3 e5 6. Ndb5 d6 7. Bg5 a6 8. Na3
b5 9. Nd5 Be7 10. Bxf6 Bxf6 11. c4 b4 12. Nc2 O-O 13. h4 Be6 14. g3 a5 15. Bg2
g6 16. h5 Bg5 17. O-O Bh6 18. b3 Ra7 19. Qe2 Qg5 20. Rad1 Kg7 21. Nde3 Rd8 22.
hxg6 hxg6 23. Rd3 a4 24. f4 exf4 25. gxf4 Qc5 26. f5 axb3 27. axb3 Ne5 28. fxe6
Nxd3 29. Qxd3 fxe6 30. Nd4 Re8 31. Rf2 Ra1+ 32. Nf1 e5 33. Qh3 Qc8 34. Nc2 Qxh3
35. Bxh3 Rb1 36. Rf3 Bd2 37. Rd3 Bc3 38. Rxd6 Rxb3 39. c5 Rb2 40. Nce3 Bd4 41.
c6 b3 42. Rd7+ Kh6 43. Rb7 Rb1 44. Kg2 b2 45. Nd2 Rc1 46. Ng4+ Kg5 47. Nf3+ Kf4
48. Nxd4 exd4 49. Rxb2 Rxc6 50. Nf2 Rc3 51. Rb6 Rg3+ 52. Kh2 Rg5 53. Rd6 Rh8 54.
Rf6+ Ke3 55. e5 d3 56. e6 d2 57. e7 Rf5 58. Rxf5 gxf5 59. Kg2 Re8 60. Bxf5 Rxe7
61. Bg4 Rf7 62. Nd1+ Kd3 63. Nf2+ Ke3 64. Nd1+ Kf4 65. Bf3 Rh7 66. Bd5 Ra7 67.
Kf2 Re7 68. Bb3 Re5 69. Bc2 Rh5 70. Ke2 Rh2+ 71. Kd3 Rh3+ 72. Kxd2 Rh2+ 73. Kc3
Rxc2+ 74. Kxc2 1/2-1/2

[Event "25th European Teams Women"]
[Site "Batumi GEO"]
[Date "2025.10.05"]
[Round "1.18"]
[Board "2"]
[White "Orian, Noga"]
[Black "Rutherford, Kathleen"]
[Result "1-0"]
[WhiteTitle "WIM"]
[WhiteElo "2235"]
[BlackElo "1806"]
[WhiteTeam "Israel"]
[BlackTeam "Scotland"]
[WhiteFideId "2836475"]
[BlackFideId "2404117"]
[EventDate "2025.10.05"]

1. d4 Nf6 2. c4 c5 3. d5 b5 4. cxb5 a6 5. bxa6 Bxa6 6. Nc3 d6 7. e4 Bxf1 8. Kxf1
g6 9. g3 Bg7 10. Kg2 O-O 11. Nf3 Qb6 12. Re1 Ng4 13. Re2 Ne5 14. Nxe5 Bxe5 15.
h4 Na6 16. Be3 Rfb8 17. Rc1 Qb4 18. f3 Rb7 19. h5 Rab8 20. Na4 Qb5 21. b3 Nb4
22. Rd2 Rc7 23. f4 Bg7 24. hxg6 fxg6 25. f5 gxf5 26. Qh5 Qe8 27. Qxf5 Qf8 28.
Qg4 Qf6 29. Nc3 Rf8 30. Ne2 Qe5 31. Rh1 Rf6 32. Rh5 Qa1 33. Nf4 Qb1 34. Ne6 Qf1+
35. Kh2 Rg6 36. Qf5 Qe1 37. Rf2 Rf6 38. Qxh7+ Kf7 39. Qxg7+ 1-0

[Event "25th European Teams Women"]
[Site "Batumi GEO"]
[Date "2025.10.05"]
[Round "1.18"]
[Board "3"]
[White "Donitova-Johnstone, Darima"]
[Black "Kochavi, Dana"]
[Result "0-1"]
[BlackTitle "FM"]
[WhiteElo "1800"]
[BlackElo "2168"]
[WhiteTeam "Scotland"]
[BlackTeam "Israel"]
[WhiteFideId "2410036"]
[BlackFideId "2837137"]
[EventDate "2025.10.05"]

1. e4 c6 2. Nc3 d5 3. Qe2 d4 4. Nd1 e5 5. d3 Bd6 6. f4 exf4 7. e5 Bb4+ 8. c3
Qh4+ 9. Qf2 Qxf2+ 10. Kxf2 Bc5 11. c4 Ne7 12. Bxf4 Ng6 13. Bg3 h5 14. h4 Bg4 15.
Nf3 Nd7 16. a3 a5 17. Ng5 Ndxe5 18. Ne4 Be7 19. Be2 f5 20. Bxe5 Nxe5 21. Nd2 a4
22. Nf3 Bxf3 23. gxf3 Ng6 24. Kg3 Nxh4 25. Rxh4 f4+ 26. Kh3 g5 27. Rxf4 gxf4 28.
Nf2 Rg8 29. Ne4 Kd7 30. Kh2 Ra6 31. Bf1 Rb6 32. Ra2 Kc7 33. Be2 Rb3 34. Nd2 Re8
35. Bf1 Bh4 36. Nxb3 axb3 37. Ra1 Re3 38. Kg2 Be1 39. a4 h4 40. Ra3 h3+ 41. Kxh3
Rxf3+ 42. Kg2 Rf2+ 43. Kg1 Rxb2 44. Bg2 Rb1 45. Kh2 Bb4 0-1

[Event "25th European Teams Women"]
[Site "Batumi GEO"]
[Date "2025.10.05"]
[Round "1.18"]
[Board "4"]
[White "Tashkinova, Sofiia"]
[Black "McCusker, Kirsty"]
[Result "1-0"]
[WhiteTitle "WFM"]
[WhiteElo "2036"]
[BlackElo "1543"]
[WhiteTeam "Israel"]
[BlackTeam "Scotland"]
[WhiteFideId "14188309"]
[BlackFideId "2404397"]
[EventDate "2025.10.05"]

1. e4 c6 2. d4 d5 3. Nc3 dxe4 4. Nxe4 Bf5 5. Ng3 Bg6 6. h4 h6 7. Nf3 Nf6 8. Ne5
Bh7 9. Bd3 Bxd3 10. Qxd3 e6 11. Bd2 Nbd7 12. Qe2 Bd6 13. Nf5 Bf8 14. O-O-O Nxe5
15. dxe5 Nd5 16. Ng3 Qb6 17. c4 Qc5 18. Ne4 Qb6 19. cxd5 cxd5 20. Nc3 Bc5 21.
Na4 Qc7 22. Qb5+ Ke7 23. Qxc5+ Qxc5+ 24. Nxc5 Rhc8 25. Kb1 Rxc5 26. Bb4 b6 27.
Rc1 Rc8 28. Bxc5+ bxc5 29. Rh3 d4 30. Ra3 Rc7 31. Rc4 Kd7 32. Ra5 1-0

[Event "25th European Teams Women"]
[Site "Batumi GEO"]
[Date "2025.10.06"]
[Round "2.1"]
[Board "1"]
[White "Injac, Teodora"]
[Black "Dzagnidze, Nana"]
[Result "1/2-1/2"]
[WhiteTitle "IM"]
[BlackTitle "GM"]
[WhiteElo "2436"]
[BlackElo "2496"]
[WhiteTeam "Serbia"]
[BlackTeam "Georgia 1"]
[WhiteFideId "932400"]
[BlackFideId "13601903"]
[EventDate "2025.10.05"]

1. e4 c5 2. Nf3 d6 3. Bb5+ Nd7 4. a4 Nf6 5. Nc3 e6 6. O-O Be7 7. d4 cxd4 8. Qxd4
O-O 9. Rd1 Qc7 10. Bxd7 Bxd7 11. Bf4 Bc6 12. Bxd6 Bxd6 13. Qxd6 Qxd6 14. Rxd6
Bxe4 15. Nxe4 Nxe4 16. Rd4 Nf6 17. a5 Rfd8 18. Rad1 Rxd4 19. Rxd4 Rc8 20. c4 Kf8
21. Ne5 g5 22. h4 h6 23. b4 Ke7 24. Kf1 Rc7 25. Ke2 Ne8 26. c5 Nf6 27. hxg5 hxg5
28. Nf3 b6 29. cxb6 axb6 30. axb6 Rb7 31. Nxg5 Rxb6 32. Rc4 1/2-1/2

[Event "25th European Teams Women"]
[Site "Batumi GEO"]
[Date "2025.10.06"]
[Round "2.1"]
[Board "2"]
[White "Javakhishvili, Lela"]
[Black "Pogorelskikh, Sofia"]
[Result "1-0"]
[WhiteTitle "IM"]
[BlackTitle "WIM"]
[WhiteElo "2423"]
[BlackElo "2289"]
[WhiteTeam "Georgia 1"]
[BlackTeam "Serbia"]
[WhiteFideId "13601458"]
[BlackFideId "44164548"]
[EventDate "2025.10.05"]

1. c4 e5 2. Nc3 Nf6 3. g3 d5 4. cxd5 Nxd5 5. Bg2 Nb6 6. Nf3 Nc6 7. O-O Be7 8. b3
O-O 9. Bb2 Re8 10. Rc1 Be6 11. Ne4 Nd7 12. d4 exd4 13. Nxd4 Nxd4 14. Qxd4 Bf8
15. Rfd1 f6 16. Rd2 c6 17. Nd6 Bxd6 18. Qxd6 Ne5 19. Qb4 Qe7 20. Qxe7 Rxe7 21.
f4 Nf7 22. e4 Rd8 23. Rxd8+ Nxd8 24. Kf2 Rd7 25. Ke3 f5 26. exf5 Bxf5 27. Rc5
Be6 28. f5 Bd5 29. Bxd5+ cxd5 30. b4 a6 31. a4 Nc6 32. b5 axb5 33. axb5 Na5 34.
Bd4 Kf7 35. Kd3 Nc4 36. g4 g6 37. h4 gxf5 38. gxf5 h5 39. Bc3 Na3 40. Bb2 Nc4
41. Bd4 b6 42. Rc6 Ra7 43. Rf6+ Ke7 44. Rh6 Ra3+ 45. Ke2 Rb3 46. Rxh5 Nd6 47.
f6+ Kf7 48. Rxd5 Nxb5 49. Rd7+ Kf8 50. Be3 Nc3+ 51. Kf1 Rb1+ 52. Kg2 Rb2+ 53.
Kh3 Rb3 54. Bh6+ 1-0

[Event "25th European Teams Women"]
[Site "Batumi GEO"]
[Date "2025.10.06"]
[Round "2.1"]
[Board "3"]
[White "Velikic, Adela"]
[Black "Khotenashvili, Bella"]
[Result "0-1"]
[WhiteTitle "WIM"]
[BlackTitle "GM"]
[WhiteElo "2261"]
[BlackElo "2416"]
[WhiteTeam "Serbia"]
[BlackTeam "Georgia 1"]
[WhiteFideId "913553"]
[BlackFideId "13602640"]
[EventDate "2025.10.05"]

1. c4 c5 2. Nf3 g6 3. d4 cxd4 4. Nxd4 Bg7 5. e4 Nc6 6. Be3 Qb6 7. Nb3 Qd8 8. Qd2
Nf6 9. f3 d6 10. Nc3 O-O 11. Be2 a5 12. Na4 Nd7 13. g4 Nde5 14. h4 Be6 15. Nb6
Ra6 16. Nd5 a4 17. Nd4 Qa5 18. Qxa5 Rxa5 19. O-O-O Bxd5 20. cxd5 Nxd4 21. Bxd4
Rc8+ 22. Kb1 Nd7 23. Be3 a3 24. Rc1 Rxc1+ 25. Rxc1 Bxb2 26. Rc8+ Kg7 27. Bd2 Rc5
28. Rd8 Ne5 29. Rb8 Rc7 30. h5 gxh5 31. gxh5 h6 32. Bf4 Nd7 33. Ra8 Nf6 34. Be3
Nxh5 35. Ra4 Ng3 36. Bd3 h5 37. Rb4 f6 38. f4 h4 39. e5 h3 40. f5 Bxe5 41. Rg4+
Kf7 42. Bh6 h2 43. Rg7+ Ke8 44. Bb5+ Rc6 0-1

[Event "25th European Teams Women"]
[Site "Batumi GEO"]
[Date "2025.10.06"]
[Round "2.1"]
[Board "4"]
[White "Arabidze, Meri"]
[Black "Mehmed, Elif"]
[Result "0-1"]
[WhiteTitle "IM"]
[BlackTitle "WGM"]
[WhiteElo "2417"]
[BlackElo "2295"]
[WhiteTeam "Georgia 1"]
[BlackTeam "Serbia"]
[WhiteFideId "13604040"]
[BlackFideId "2921103"]
[EventDate "2025.10.05"]

1. c4 Nf6 2. Nf3 e6 3. g3 d5 4. cxd5 exd5 5. Bg2 c6 6. O-O Be7 7. b3 O-O 8. Bb2
a5 9. d3 a4 10. bxa4 Qa5 11. Nc3 Nbd7 12. Nd2 Nc5 13. Nb3 Qd8 14. Nxc5 Bxc5 15.
Qc2 Qa5 16. e4 Be6 17. Ne2 Be7 18. e5 Nd7 19. Nd4 Qxa4 20. Qd2 Bc5 21. Nb3 Bb6
22. d4 Bd8 23. f4 f5 24. exf6 Bxf6 25. f5 Bf7 26. g4 h6 27. Qf2 Rfe8 28. Bf3 Qb4
29. Kh1 Ra4 30. Bd1 Ra7 31. Bc1 Qe7 32. Bf3 Bh4 33. Qg2 Rea8 34. a3 Nb6 35. Ra2
Nc4 36. Re2 Qf6 37. Nc5 Qxd4 38. Ne6 Qf6 39. g5 hxg5 40. Nxg5 Nd6 41. Nxf7 Qxf7
42. Qh3 Ra4 43. Bg4 Bf6 44. Re6 Qf8 45. Qh5 Re4 46. Bf4 Nc4 47. a4 Re8 48. Rf3
Re1+ 49. Kg2 Bd4 50. Rh3 Rg1+ 51. Kf3 Qa3+ 52. Be3 Qxe3+ 53. Rxe3 Rxe3+ 54. Kf4
Re4+ 0-1

[Event "25th European Teams Women"]
[Site "Batumi GEO"]
[Date "2025.10.06"]
[Round "2.2"]
[Board "1"]
[White "Kashlinskaya, Alina"]
[Black "Houska, Jovanka"]
[Result "1-0"]
[WhiteTitle "IM"]
[BlackTitle "IM"]
[WhiteElo "2450"]
[BlackElo "2342"]
[WhiteTeam "Poland"]
[BlackTeam "England"]
[WhiteFideId "4198026"]
[BlackFideId "405094"]
[EventDate "2025.10.05"]

1. e4 c6 2. d4 d5 3. e5 Bf5 4. h4 c5 5. dxc5 Nc6 6. Bb5 Qc7 7. Nf3 e6 8. Be3 Bg4
9. O-O Ne7 10. Nbd2 f6 11. exf6 gxf6 12. c4 O-O-O 13. Bxc6 Nxc6 14. cxd5 Rxd5
15. Qa4 Rg8 16. Kh1 Bxc5 17. Bxc5 Rxc5 18. Rac1 Rd5 19. Rc3 Kb8 20. Rfc1 h5 21.
Nd4 Qg7 22. Nxc6+ bxc6 23. Qxc6 Rd7 24. Ne4 1-0

[Event "25th European Teams Women"]
[Site "Batumi GEO"]
[Date "2025.10.06"]
[Round "2.2"]
[Board "2"]
[White "Yao, Lan"]
[Black "Maltsevskaya, Aleksandra"]
[Result "1/2-1/2"]
[WhiteTitle "WGM"]
[BlackTitle "IM"]
[WhiteElo "2316"]
[BlackElo "2394"]
[WhiteTeam "England"]
[BlackTeam "Poland"]
[WhiteFideId "8610835"]
[BlackFideId "24174041"]
[EventDate "2025.10.05"]

1. e4 e6 2. d4 d5 3. Nd2 dxe4 4. Nxe4 Nf6 5. Nxf6+ Qxf6 6. Nf3 h6 7. Bd3 Bd6 8.
Qe2 Nc6 9. c3 O-O 10. g4 e5 11. g5 Qe7 12. dxe5 Nxe5 13. Nxe5 Qxe5 14. gxh6
Qxe2+ 15. Bxe2 g6 16. Be3 Kh7 17. O-O-O Re8 18. Bf3 Bf8 19. Bd5 Bxh6 20. Bxf7
Rf8 21. Bd5 Rxf2 22. Bxh6 Kxh6 23. Rdf1 Rxf1+ 24. Rxf1 c6 25. Be4 Bh3 26. Rf7
Re8 27. Bd3 Rd8 28. Be4 Re8 29. Bd3 Rd8 30. Be4 Re8 1/2-1/2

[Event "25th European Teams Women"]
[Site "Batumi GEO"]
[Date "2025.10.06"]
[Round "2.2"]
[Board "3"]
[White "Kiolbasa, Oliwia"]
[Black "Hunt, Harriet V"]
[Result "1/2-1/2"]
[WhiteTitle "IM"]
[BlackTitle "IM"]
[WhiteElo "2388"]
[BlackElo "2284"]
[WhiteTeam "Poland"]
[BlackTeam "England"]
[WhiteFideId "1154613"]
[BlackFideId "403512"]
[EventDate "2025.10.05"]

1. e4 e5 2. Nf3 Nc6 3. Bc4 Bc5 4. c3 Nf6 5. d3 d6 6. O-O O-O 7. Bg5 h6 8. Bh4
Bb6 9. Nbd2 Be6 10. Bb5 Nb8 11. d4 c6 12. Bd3 Nbd7 13. Re1 Re8 14. Nc4 Bc7 15.
h3 a5 16. a4 exd4 17. Nxd4 Nc5 18. Nxe6 Rxe6 19. Bc2 g5 20. Bg3 Ncxe4 21. Qf3 d5
22. Bxc7 Qxc7 23. Ne3 Qf4 24. Nf5 Nd7 25. Qxf4 gxf4 26. Nd4 Re5 27. c4 Rae8 28.
Nf3 R5e7 29. cxd5 cxd5 30. Rad1 Nb6 31. Rd4 Ng5 32. Rxe7 Nxf3+ 33. gxf3 Rxe7 34.
Kf1 Rc7 35. Bb3 Rc1+ 36. Kg2 Rb1 37. Bxd5 Nxd5 38. Rxd5 Rxb2 39. Rxa5 Kg7 40.
Rd5 Rb4 41. a5 1/2-1/2

[Event "25th European Teams Women"]
[Site "Batumi GEO"]
[Date "2025.10.06"]
[Round "2.2"]
[Board "4"]
[White "Mirzoeva, Elmira"]
[Black "Socko, Monika"]
[Result "1/2-1/2"]
[WhiteTitle "WGM"]
[BlackTitle "GM"]
[WhiteElo "2300"]
[BlackElo "2356"]
[WhiteTeam "England"]
[BlackTeam "Poland"]
[WhiteFideId "4127951"]
[BlackFideId "1106619"]
[EventDate "2025.10.05"]

1. Nf3 Nf6 2. c4 e6 3. Nc3 Bb4 4. Qc2 O-O 5. a3 Bxc3 6. Qxc3 d6 7. e3 e5 8. Be2
e4 9. Nd4 c5 10. Nc2 Nc6 11. b4 Bg4 12. Bb2 Bxe2 13. Kxe2 Re8 14. f4 Qd7 15. h3
Rac8 16. g4 b5 17. cxb5 Ne7 18. a4 Ned5 19. Qa3 Qe6 20. f5 Qe7 21. bxc5 dxc5 22.
Rhg1 Qd6 23. Rg2 Red8 24. Kf1 Nd7 25. Rc1 Ne5 26. Bxe5 Qxe5 27. Qa1 Qe7 28. Kg1
h6 29. Na3 Nb4 30. Nc4 Nd3 31. Rf1 Rc7 32. Qc3 f6 33. h4 Rf8 34. a5 Rd7 35. Rb1
Nb4 36. b6 Rd3 37. Qc1 Rfd8 38. Ra1 a6 39. Nb2 R3d5 40. Nc4 Qd7 41. Qb1 Rd3 42.
Qb2 Rd5 43. Rf1 Qb5 44. Qc1 Qd7 45. Qb1 Qe7 46. Kh1 Nd3 47. Rfg1 Kf8 48. Qb3 Nb4
49. Qb1 Nd3 50. Qf1 Qd7 51. Qb1 Qe7 52. Qb3 Nb4 53. Qa4 Qf7 54. Rc1 R5d7 55. Rc3
Rd3 56. Rxd3 Rxd3 57. Nb2 Rd8 58. Qa3 Qd5 59. Qc3 Rd7 60. Qc4 Qe5 61. Na4 Qa1+
62. Kh2 Qxa4 63. Qxc5+ Ke8 64. g5 hxg5 65. Qc8+ Rd8 66. Qe6+ Kf8 67. hxg5 Qe8
68. gxf6 Qh5+ 69. Kg1 Qd1+ 70. Kh2 Qh5+ 71. Kg1 Qd1+ 72. Kh2 1/2-1/2

[Event "25th European Teams Women"]
[Site "Batumi GEO"]
[Date "2025.10.06"]
[Round "2.3"]
[Board "1"]
[White "Fataliyeva, Ulviyya"]
[Black "Gaal, Zsoka"]
[Result "1-0"]
[WhiteTitle "IM"]
[BlackTitle "WGM"]
[WhiteElo "2410"]
[BlackElo "2395"]
[WhiteTeam "Azerbaijan"]
[BlackTeam "Hungary"]
[WhiteFideId "13403052"]
[BlackFideId "777765"]
[EventDate "2025.10.05"]

1. e4 e6 2. d4 d5 3. Nc3 Bb4 4. e5 c5 5. a3 Bxc3+ 6. bxc3 Ne7 7. Qg4 Nf5 8. Bd3
h5 9. Qd1 b6 10. Nh3 cxd4 11. Bxf5 exf5 12. cxd4 Ba6 13. Nf4 h4 14. a4 Nc6 15.
Nh5 Rxh5 16. Qxh5 Nxd4 17. Bb2 Nxc2+ 18. Kd1 Bd3 19. Rc1 Qc8 20. Qh8+ Kd7 21.
Qxc8+ Rxc8 22. Kd2 Nb4 23. Rxc8 Kxc8 24. Bc3 h3 25. gxh3 Be4 26. f3 Bxf3 27. Rf1
Bg2 28. Rg1 1-0

[Event "25th European Teams Women"]
[Site "Batumi GEO"]
[Date "2025.10.06"]
[Round "2.3"]
[Board "2"]
[White "Nomin-Erdene, Davaademberel"]
[Black "Balajayeva, Khanim"]
[Result "1-0"]
[WhiteTitle "IM"]
[BlackTitle "IM"]
[WhiteElo "2306"]
[BlackElo "2351"]
[WhiteTeam "Hungary"]
[BlackTeam "Azerbaijan"]
[WhiteFideId "4900782"]
[BlackFideId "13406396"]
[EventDate "2025.10.05"]

1. e4 e5 2. Nf3 Nc6 3. d4 exd4 4. Nxd4 Nf6 5. Nxc6 bxc6 6. e5 Qe7 7. Qe2 Nd5 8.
Nd2 a5 9. g3 Qe6 10. h4 Nb4 11. Nf3 Qg6 12. Kd1 Ba6 13. c4 c5 14. a3 Nc6 15. h5
Qe6 16. Rh4 Be7 17. Re4 Rb8 18. Kc2 O-O 19. Qd3 a4 20. Bd2 Bb7 21. Re3 Nd8 22.
Bc3 Qb6 23. Qxd7 Qb3+ 24. Kd2 Bxf3 25. Qxe7 Bxh5 26. e6 Bg6 27. Ke1 Qc2 28. Bg2
Bd3 29. Rd1 Nxe6 30. Rdxd3 Rfe8 31. Qh4 Nd4 32. Be4 Qb1+ 33. Rd1 Rxe4 34. Qxe4
Nc2+ 35. Ke2 Nd4+ 36. Rxd4 1-0